000
00261nam a2200097Ia 4500
001
647151
005
20250826153656.0
008
250824s9999 xx 000 0 und d
245
0
_a
LEVENT İZ PEŞİNDE 5 OKULSUZ DÜNYA
_c
MUSTAFA ORAKÇI
260
_b
TİMAŞ ÇOCUK
999
_c
647151
_d
647151